[Event "FIDE World Cup Mexico Qual (Women)"]
[Site "Mexico City"]
[Date "2021.05.29"]
[Round "6"]
[White "Carreras Mendiolea, Paulina Adriana"]
[Black "Martha, Lucero Nayeli Aime"]
[Result "0-1"]
[WhiteElo "1906"]
[BlackElo "1671"]
[PlyCount "88"]
[EventDate "2021.05.26"]
[EventType "swiss"]
[EventRounds "9"]
[EventCountry "MEX"]
[SourceTitle "CBM 202 Extra"]
[Source "ChessBase"]
[SourceDate "2021.07.31"]
[SourceVersion "1"]
[SourceVersionDate "2021.07.31"]
[SourceQuality "1"]

1. e4 c5 2. Nf3 g6 3. d4 cxd4 4. Nxd4 Nf6 5. e5 Qa5+ 6. Nc3 Qxe5+ 7. Be2 Nc6 8. Be3 Bg7 9. Qd2 Ne4 10. Nxe4 Nxd4 11. Bxd4 Qxd4 12. Qxd4 Bxd4 13. 0-0-0 Bg7 14. Bf3 d6 15. Rhe1 Be6 16. Kb1 h6 17. h4 0-0 18. g4 Rab8 19. g5 h5 20. Ng3 Be5 21. Rg1 Rfc8 22. Be4 Rc4 23. f3 b5 24. Rdf1 Bh3 25. Rd1 a5 26. Nxh5 gxh5 27. g6 Rd4 28. gxf7+ Kxf7 29. Bg6+ Kf6 30. Rxd4 Bxd4 31. Rd1 Kxg6 32. Rxd4 Rf8 33. f4 Rf6 34. Kc1 Bg4 35. Kd2 Rf5 36. Ke3 Rc5 37. Kd2 d5 38. a4 b4 39. c3 bxc3+ 40. bxc3 e6 41. Kc2 Rc4 42. Kd2 Rxd4+ 43. cxd4 Kf5 44. Ke3 Bd1 0-1

[Event "FIDE World Cup Mexico Qual (Women)"]
[Site "Mexico City"]
[Date "2021.05.29"]
[Round "7"]
[White "Corrales Jimenez, Zenia"]
[Black "Martha, Lucero Nayeli Aime"]
[Result "1-0"]
[WhiteElo "2221"]
[BlackElo "1671"]
[PlyCount "61"]
[EventDate "2021.05.26"]
[EventType "swiss"]
[EventRounds "9"]
[EventCountry "MEX"]
[SourceTitle "CBM 202 Extra"]
[Source "ChessBase"]
[SourceDate "2021.07.31"]
[SourceVersion "1"]
[SourceVersionDate "2021.07.31"]
[SourceQuality "1"]

1. e4 c5 2. Nf3 g6 3. d4 cxd4 4. Nxd4 Nc6 5. c4 Nf6 6. Nc3 Nxd4 7. Qxd4 Bg7 8. e5 Ng8 9. Bf4 d6 10. Rd1 Qa5 11. Qd5 Qb6 12. exd6 Bxc3+ 13. bxc3 Nf6 14. Qd4 Bf5 15. c5 Qc6 16. dxe7 Qe4+ 17. Be2 Qxd4 18. cxd4 Kxe7 19. d5 a6 20. Bd6+ Kd7 21. Be5 Ke7 22. g4 Nxg4 23. Bxh8 Rxh8 24. 0-0 Nf6 25. Bf3 Kd7 26. Rfe1 Rc8 27. c6+ bxc6 28. dxc6+ Kc7 29. Re7+ Kb6 30. c7 Rxc7 31. Rd6+ 1-0

[Event "FIDE World Cup Mexico Qual (Women)"]
[Site "Mexico City"]
[Date "2021.05.28"]
[Round "4"]
[White "Hernandez Gonzalez, Maria Samantha"]
[Black "Martha, Lucero Nayeli Aime"]
[Result "0-1"]
[WhiteElo "1218"]
[BlackElo "1671"]
[PlyCount "36"]
[EventDate "2021.05.26"]
[EventType "swiss"]
[EventRounds "9"]
[EventCountry "MEX"]
[SourceTitle "CBM 202 Extra"]
[Source "ChessBase"]
[SourceDate "2021.07.31"]
[SourceVersion "1"]
[SourceVersionDate "2021.07.31"]
[SourceQuality "1"]

1. c4 c5 2. g3 g6 3. Bg2 Bg7 4. Nc3 Nc6 5. Nf3 d6 6. 0-0 h5 7. d3 Nh6 8. Bd2 Nf5 9. Rb1 h4 10. Ne4 hxg3 11. fxg3 Ne5 12. Neg5 Ng4 13. Nxf7 Kxf7 14. Ng5+ Ke8 15. Bd5 Bd4+ 16. e3 Ngxe3 17. Bxe3 Bxe3+ 18. Kg2 Bxg5 0-1

[Event "FIDE World Cup Mexico Qual (Women)"]
[Site "Mexico City"]
[Date "2021.05.28"]
[Round "5"]
[White "Martha, Lucero Nayeli Aime"]
[Black "Bojorquez Rodriguez, Helena"]
[Result "1/2-1/2"]
[WhiteElo "1671"]
[BlackElo "1560"]
[PlyCount "72"]
[EventDate "2021.05.26"]
[EventType "swiss"]
[EventRounds "9"]
[EventCountry "MEX"]
[SourceTitle "CBM 202 Extra"]
[Source "ChessBase"]
[SourceDate "2021.07.31"]
[SourceVersion "1"]
[SourceVersionDate "2021.07.31"]
[SourceQuality "1"]

1. d4 Nf6 2. Bg5 Ne4 3. Bf4 d5 4. f3 Nf6 5. Nd2 Bf5 6. c3 e6 7. Qb3 b6 8. e3 Bd6 9. Bg5 h6 10. Bh4 Be7 11. Bxf6 Bxf6 12. e4 dxe4 13. fxe4 Bg6 14. Ngf3 0-0 15. Be2 Nd7 16. e5 Be7 17. 0-0 c6 18. Ne1 c5 19. Bd3 Nxe5 20. dxe5 Bxd3 21. Nxd3 Qxd3 22. Nf3 c4 23. Qb5 Bc5+ 24. Kh1 Rfd8 25. Qc6 Qd5 26. Qa4 b5 27. Qxb5 Rdb8 28. Qa5 Rxb2 29. Rad1 Qc6 30. Rd8+ Rxd8 31. Qxd8+ Kh7 32. Qh4 Be3 33. Qh5 Qb7 34. Qg4 Rb1 35. Qxc4 Rxf1+ 36. Qxf1 Qe4 1/2-1/2